000 00795nam a22002537a 4500
001 BR8007161
003 BR-BrBNA
005 20241219175004.0
007 ta
008 230509b bl.||||| |||| 00| 0 por d
040 _aBR-BrBNA
_bpor
_cBiblioteca Nacional de Agricultura
041 _a(Por)
072 _aC00
_b/G514
090 _a C00 BR8007161
_b2024-8437
110 1 _aMinisterio da Educacao e Cultura, Joao Pessoa, PB (Brasil). Secretaria para Assuntos Culturais
_97018
245 1 _aMateriais de ensino-aprendizagem. Encontro Regional-Nordeste. Cultura e educacao em areas rurais [Brasil]
260 3 _aJoao Pessoa, PB (Brasil):
_c1980.
300 _a8 p.
650 _aEDUCACAO
650 _aESCOLA
650 _aCOMUNIDADE RURAL
650 _aREGIAO NORDESTE
942 _cBK
_2AGRIS
999 _c30769
_d30769